| 000 | 01370nam a2200373Ii 4500 | ||
|---|---|---|---|
| 001 | DIGRILEDIT0144 | ||
| 003 | NyNyDIG | ||
| 006 | m o d | ||
| 007 | cr ||||||||||| | ||
| 008 | 140401s2009 cl ob 000 0 spa d | ||
| 020 | _z9789562847063 | ||
| 020 | _z9562847063 | ||
| 035 | _a(OCoLC)847712508 | ||
| 040 |
_aDGITA _beng _epn _cDGITA |
||
| 050 | 1 | 4 | _aM1630.18 eBook |
| 245 | 0 | 3 |
_aEl libro blanco del rock / _ctextos Pablo Padilla ; colaboración Alfredo Lewin ... [et al.] ; edición María de los Ángeles Cerda. |
| 264 | 1 |
_aProvidencia, Santiago de Chile: _bRIL editores, _c2009. |
|
| 300 | _a1 online resource (415 pages) | ||
| 336 |
_atext _btxt _2rdacontent |
||
| 337 |
_acomputer _bc _2rdamedia |
||
| 338 |
_aonline resource _bcr _2rdacarrier |
||
| 505 | 0 | _aRock and roll Babilonia / Alfredo Lewin -- Grandes bandas -- Ensayos -- Diccionario del rock Las dudosas fronteras del rock. | |
| 650 | 0 | _aRock music. | |
| 650 | 0 | _aRock musicians. | |
| 655 | 0 | _aElectronic books. | |
| 700 | 1 | _aPadilla, Pablo. | |
| 700 | 1 | _aLewin, Alfredo. | |
| 700 | 1 | _aCerda, María de los Ángeles, | |
| 791 | 2 |
_aDigitalia (Firm), _edistributor. |
|
| 793 | 0 |
_gDigitalia eBook Collection: _aRil Editores. |
|
| 856 | 4 | 0 |
_3Digitalia Hispánica _uhttps://www.digitaliapublishing.com/a/18642/ |
| 910 | _aPremium Collection: 2007-2012 | ||
| 942 | _cRAA | ||
| 999 |
_c235964 _d235964 |
||